Biblioteca

El cristianismo ante el riesgo de la interpretación : ensayos de hermenéutica teológica / Claude Geffré ; traducido por J. Fernandez Zulaica (Registro nro. 44359)

Detalles MARC
000 -LÍDER
Campo fijo de descripción fija 018440000a22002170004500
020 ## - NÚMERO INTERNACIONAL NORMALIZADO PARA LIBROS
Número Internacional Normalizado del libro 978-84-7057-354-5
082 04 - NÚMERO DE CLASIFICACIÓN DECIMAL DEWEY
Número de clasificación G 230.01 G299c
001 - NÚMERO DE CONTROL
Campo de control 17864
100 1# - ASIENTO PRINCIPAL--NOMBRE PERSONAL
Nombre personal Gefre, Claude
245 10 - TÍTULO
Título del Material El cristianismo ante el riesgo de la interpretación : ensayos de hermenéutica teológica / Claude Geffré ; traducido por J. Fernandez Zulaica
260 ## - PUBLICACIÓN, DISTRIBUCIÓN, ETC. (PIE DE IMPRENTA)
Lugar de publicación, distribución, etc. Madrid : Cristiandad
300 ## - DESCRIPCIÓN FÍSICA
Extensión 332 p.
336 ## - CONTENT TYPE
Content type term texto
Content type code txt
Source rdacontent
337 ## - MEDIA TYPE
Source rdamedia
Media type term sin mediación
Media type code n
338 ## - CARRIER TYPE
Source rdacarrier
Carrier type term volumen
Carrier type code nc
500 ## - NOTA GENERAL
Nota General Título original en francés: Le christianisme au risque de l'nterpretation
505 00 - NOTA DE CONTENIDO
Nota de contenido con formato preestablecido \I Parte: Teología como hermenéutica: Del saber a la interpretación, Consecuencias para la práctica teológica de la orientación hermenéutica de la teología -- La hermenéutica en proceso: Crisis de la hermenéutica, Desplazamiento actual de la hermenéutica , Implicaciones teológicas del desplazamiento actual de la hermenéutica -- ¿Dogmática o hermenéutica?: Paso del modelo dogmático al hermenéutico, alcance histórico y teológico de la desaparición del modelo dogmático, la verdad de la teología como lenguaje interpretativo -- La libertad hermenéutica del teólogo\ II Parte: El testimonio interpretativo de la fe: La resurrección de Cristo como testimonio interpretativo -- La hermenéutica atea del título "Hijo del Hombre" en Ernst Bloch -- Del Dios del teísmo al Dios crucificado -- Fragmentación de la historia y señorío de Cristo\ III Parte: La práctica de los cristianos reinterpreta el cristianismo: Una fe sometida a prueba crítica -- Encuentro del cristianismo con las diversas culturas -- Condiciones de un testimonio profético
650 14 - ASIENTO SECUNDARIO DE MATERIA - TERMINO TEMÁTICO
Término temático o nombre geográfico como elemento de entrada HERMENEUTICA - HERMENEUTICA TEOLOGICA \ CRISTIANISMO \ TEISMO
942 ## - TIPO DE MATERIAL (KOHA)
Tipo de Item KOHA Libros General
Existencias
Estado de Material Estado de Perdido Estado de Dañado No para Préstamo Colección Tomo Biblioteca de Origen Biblioteca Permanente Fecha de Adquisición Total de Préstamos Total de Renovaciones Signatura Topográfica Código de Barras Última vez visto Última vez Préstado Ejemplar/Existencia Fecha de Remplazo Tipo de Material
        Colección General   Biblioteca FUSBC Biblioteca FUSBC 30/01/2013 2 2 G 230.01 G299c 17856 19/03/2025 06/02/2020 1 26/01/2016 Libros General

Biblioteca FUSBC | Teléfono: (57+4) 349 88 10 Ext. 141| WhatsApp (+57) 3005338115 
E-mail: biblioteca@unisbc.edu.co | Calle 76 87-14 Robledo Palenque, Medellín, Colombia

Con tecnología Koha